Normal view MARC view
  • Alejandro

Entry Nombre Personal

Number of records used in: 10

001 - NUMERO DE CONTROL

  • campo de control: 4128

003 - IDENTIFICADOR DE NUMERO DE CONTROL

  • campo de control: UPN

005 - FECHA Y HORA DE LA ÜLTIMA TRANSACCIÓN

  • campo de control: 20220911205842.0

008 - DATOS DE LONGITUD FIJA

  • campo de control de longitud fija: 220911nn acannaabn n aaa d

035 ## - NUMERO DE CONTROL

  • Número de control: UPN10000004128

040 ## - FUENTE DE CATALOGACIÓN

  • Lenguaje de catalogación: SPA
  • Agencia de transcripción: UPN
  • Agencia original de catalogación: UPN

100 0# - ENCABEZAMIENTO - NOMBRE PERSONAL

  • Nombre personal: Alejandro
  • Numeración: III,
  • Títulos u otras palabras asociadas al nombre: El Magno,
  • Fechas asociadas con el nombre: 356-323 a.C.

400 0# - VEÁSE - NOMBRE DE PERSONA

  • Personal name: Alejandro el Magno,
  • Dates associated with a name: 356-323 a.C.

400 0# - VEÁSE - NOMBRE DE PERSONA

  • Personal name: Alejandro Magno,
  • Dates associated with a name: 356-323 a.C.

670 ## - FUENTE EN LA QUE SE LOCALIZARON DATOS

  • Cita de la fuente: T
  • Información localizada: Salvat Universal

680 ## - NOTA PUBLICA DE ACCESO PÚBLICO

  • Frase explicativa de la referencia: Rey de Macedonia, hegemón de Grecia, faraón de Egipto y Gran rey de Media y Persia

902 ## - CATALOGADOR

  • Catalogador: MEEG/080606